MARC

LEADER 00000nam0a2200000 4500
001 114089
005 20231031122139.0
010 |a 5699128816 
035 |a (RuTPU)RU\TPU\book\123383 
090 |a 114089 
100 |a 20070419d2005 m y0rusy50 ca 
101 1 |a rus  |c eng 
102 |a RU 
105 |a a z 000zy 
200 1 |a Дзюдо: техника и тактика  |e пер. с англ.  |f Дж. Педро, Д. Дарбин 
210 |a Москва  |c Эксмо  |d 2005 
215 |a 192 с.  |c ил. 
225 1 |a Боевые искусства 
610 1 |a спорт 
610 1 |a спортивная борьба 
610 1 |a боевые искусства 
610 1 |a азиатские виды 
610 1 |a азиатские единоборства 
610 1 |a дзюдо 
675 |a 796.85  |v 3 
700 1 |a Педро  |b Дж.  |g Джимми 
701 1 |a Дарбин  |b Д.  |g Уильям 
801 1 |a RU  |b 63413507  |c 20070419  |g PSBO 
801 2 |a RU  |b 63413507  |c 20070515  |g PSBO 
942 |c BK